Basic concepts of psychiatric-mental health nursing / (Record no. 10881)
[ view plain ]
| 000 -LEADER | |
|---|---|
| fixed length control field | 01576cam a22004215a 4500 |
| 001 - CONTROL NUMBER | |
| control field | 11498404 |
| 005 - DATE AND TIME OF LATEST TRANSACTION | |
| control field | 20150823140311.0 |
| 008 - FIXED-LENGTH DATA ELEMENTS--GENERAL INFORMATION | |
| fixed length control field | 980527c2008 pauax1 fr 0 1 a0eng |
| 010 ## - LIBRARY OF CONGRESS CONTROL NUMBER | |
| LC control number | 98643499 |
| Canceled/invalid LC control number | 85023671 |
| -- | 89013275 |
| -- | 93006034 |
| -- | 97012761 |
| -- | 2006026481 |
| 020 ## - INTERNATIONAL STANDARD BOOK NUMBER | |
| International Standard Book Number | 9780781797078 |
| 020 ## - INTERNATIONAL STANDARD BOOK NUMBER | |
| International Standard Book Number | 0781797071 |
| 022 0# - INTERNATIONAL STANDARD SERIAL NUMBER | |
| International Standard Serial Number | 1520-4871 |
| 035 ## - SYSTEM CONTROL NUMBER | |
| System control number | (OCoLC)ocm39182719 |
| 037 ## - | |
| -- | Lippincott-Raven Publishers, 227 East Washington Square, Philadelphia, PA 19106 |
| 040 ## - CATALOGING SOURCE | |
| Original cataloging agency | DLC |
| Language of cataloging | eng |
| Transcribing agency | DLC |
| Modifying agency | NSDP |
| -- | DLC |
| -- | OCoLC |
| -- | EG-ScBUE |
| 042 ## - AUTHENTICATION CODE | |
| Authentication code | lc |
| -- | nsdp |
| 050 00 - LIBRARY OF CONGRESS CALL NUMBER | |
| Classification number | RC440 |
| Item number | .B34 |
| 082 00 - DEWEY DECIMAL CLASSIFICATION NUMBER | |
| Classification number | 610.7368 |
| Item number | REB |
| 100 1# - MAIN ENTRY--PERSONAL NAME | |
| Personal name | Rebraca, Louise |
| 222 #0 - KEY TITLE | |
| Key title | Basic concepts of psychiatric-mental health nursing |
| 245 10 - TITLE STATEMENT | |
| Title | Basic concepts of psychiatric-mental health nursing / |
| Statement of responsibility, etc | Louise Rebraca Shives. |
| 260 ## - PUBLICATION, DISTRIBUTION, ETC. (IMPRINT) | |
| Place of publication, distribution, etc | Philadelphia : |
| Name of publisher, distributor, etc | J.B. Lippincott Co. |
| Date of publication, distribution, etc | c.2008 |
| 300 ## - PHYSICAL DESCRIPTION | |
| Extent | 749 p: |
| Other physical details | ill. ; |
| Dimensions | 22 cm. |
| 362 1# - DATES OF PUBLICATION AND/OR SEQUENTIAL DESIGNATION | |
| Dates of publication and/or sequential designation | Began in 1986. |
| 500 ## - GENERAL NOTE | |
| General note | Index: p. 715-749. |
| 500 ## - GENERAL NOTE | |
| General note | Editor: L.R. Shives. |
| 500 ## - GENERAL NOTE | |
| General note | Vols. for 5th ed- have accompanying CD-ROM titled: Instructor's resource manual to accompany Shives' basic concepts of psychiatric-mental health nursing. |
| 500 ## - GENERAL NOTE | |
| General note | Description based on: 3rd ed., copyrighted 1994. |
| 500 ## - GENERAL NOTE | |
| General note | Latest issue consulted: 4th ed., copyrighted 1989. |
| 590 ## - LOCAL NOTE (RLIN) | |
| Local note | Mohamed Hussein |
| 650 #0 - SUBJECT ADDED ENTRY--TOPICAL TERM | |
| Topical term or geographic name as entry element | Psychiatric nursing |
| Form subdivision | Periodicals. |
| Source of heading or term | BUEsh |
| 651 ## - SUBJECT ADDED ENTRY--GEOGRAPHIC NAME | |
| Source of heading or term | BUEsh |
| 653 ## - INDEX TERM--UNCONTROLLED | |
| Resource For college | Nursing |
| Arrived date list | August2015 |
| 700 1# - ADDED ENTRY--PERSONAL NAME | |
| Personal name | Shives, Louise Rebraca. |
| 9 (RLIN) | 32509 |
| 942 ## - ADDED ENTRY ELEMENTS (KOHA) | |
| Source of classification or shelving scheme | Dewey Decimal Classification |
| Item type | Book - Borrowing |
| Withdrawn status | Item status | Source of classification or shelving scheme | Damaged status | Not for loan | Vendor | Home library | Current library | Shelving location | Date acquired | Source of acquisition | Cost, normal purchase price | Serial Enumeration / chronology | Total Checkouts | Total Renewals | Full call number | Barcode | Date last seen | Date last borrowed | Koha item type | Materials specified (bound volume or other part) |
|---|---|---|---|---|---|---|---|---|---|---|---|---|---|---|---|---|---|---|---|---|
| Dewey Decimal Classification | Academic Bookshop | Central Library | Central Library | First floor | 18/02/2009 | 247.00 | 328 | 14 | 80 | 610.7368 REB | 000014631 | 15/07/2025 | 02/11/2021 | Book - Borrowing | ||||||
| Dewey Decimal Classification | Academic Bookshop | Central Library | Central Library | First floor | 18/02/2009 | 247.00 | 328 | 8 | 135 | 610.7368 REB | 000014630 | 15/07/2025 | 08/11/2020 | Book - Borrowing | ||||||
| Lost | Dewey Decimal Classification | Academic Bookshop | Central Library | Central Library | First floor | 31/03/2009 | 247.00 | 1 | 610.7368 REB | 000015504 | 25/07/2010 | 14/07/2009 | CD | DVD - With book | Lost In Inventory_2015-8-23 | ||||||
| Dewey Decimal Classification | Central Library | Central Library | First floor | 29/11/2010 | 247.00 | 610.7368 REB | 000022591 | 24/08/2022 | CD | DVD - With book |